Punto de inflexión : (Registro nro. 4806)

Detalles MARC
000 -LEADER
fixed length control field 01789nam a2200301Ia 4500
003 - CONTROL NUMBER IDENTIFIER
control field OSt
005 - DATE AND TIME OF LATEST TRANSACTION
control field 20200402111835.0
008 - FIXED-LENGTH DATA ELEMENTS--GENERAL INFORMATION
fixed length control field 191128s2014 ck a gr 000 0 spa d
020 ## - INTERNATIONAL STANDARD BOOK NUMBER
International Standard Book Number 9789587740363
040 ## - CATALOGING SOURCE
Original cataloging agency CO-JMCR
Transcribing agency CO-JMCR
041 0# - LANGUAGE CODE
Language code of text/sound track or separate title spa
082 04 - DEWEY DECIMAL CLASSIFICATION NUMBER
Classification number 320.9861 /
Item number C112p
Edition number 21
100 1# - MAIN ENTRY--PERSONAL NAME
Personal name Caballero Argáez, Carlos,
Relator term editor
9 (RLIN) 2409
245 10 - TITLE STATEMENT
Title Punto de inflexión :
Remainder of title decisiones que rescataron el futuro de Colombia, la administración del presidente Andrés Pastrana Arango 1998- 2002 /
Statement of responsibility, etc. editores Carlos Caballero Argáez y Diego Pizano Salazar
250 ## - EDITION STATEMENT
Edition statement Primera edición
260 ## - PUBLICATION, DISTRIBUTION, ETC.
Place of publication, distribution, etc. Bogotá :
Name of publisher, distributor, etc. Universidad de los Andes,
Date of publication, distribution, etc. 2014
300 ## - PHYSICAL DESCRIPTION
Extent 435 páginas, [16] páginas de láminas :
Other physical details ilustraciones a blanco y negro ;
Dimensions 24 cm.
504 ## - BIBLIOGRAPHY, ETC. NOTE
Bibliography, etc. note Bibliografía al final de cada capítulo.
505 0# - FORMATTED CONTENTS NOTE
Formatted contents note Una política integral : los esfuerzos para lograr la paz -- La diplomacia por la paz -- El plan Colombia -- El fortalecimiento de las fuerzas armadas -- La red de apoyo social y el programa familias en acción -- Los grandes reos económicos
520 ## - SUMMARY, ETC.
Summary, etc. Punto de inflexión reseña y analiza la manera en la cual el Gobierno del presidente Andrés Pastrana Arango enfrentó los grandes problemas que amenazaban el futuro de Colombia el 7 de agosto de 1998.
650 14 - SUBJECT ADDED ENTRY--TOPICAL TERM
Topical term or geographic name entry element Pastrana Arango, Andrés
Source of heading or term (+). Política de vivienda-- Colombia-- 1998-2002 (+). Colombia-- Política económica-- 1998-2002 (+).
Geographic subdivision Colombia
9 (RLIN) 2410
650 14 - SUBJECT ADDED ENTRY--TOPICAL TERM
Topical term or geographic name entry element Programa familias en acción
Geographic subdivision Colombia
9 (RLIN) 2411
650 14 - SUBJECT ADDED ENTRY--TOPICAL TERM
Topical term or geographic name entry element Paz
General subdivision política gubernamental
Geographic subdivision Colombia
9 (RLIN) 2412
650 14 - SUBJECT ADDED ENTRY--TOPICAL TERM
Topical term or geographic name entry element Política de vivienda
Chronological subdivision 1998-2002
Geographic subdivision Colombia
9 (RLIN) 2413
650 14 - SUBJECT ADDED ENTRY--TOPICAL TERM
Topical term or geographic name entry element Política económica
Chronological subdivision 1998-2002
Geographic subdivision Colombia
9 (RLIN) 2414
700 1# - ADDED ENTRY--PERSONAL NAME
Personal name Pizano Salazar, Diego,
Relator term editor
9 (RLIN) 2415
942 ## - ADDED ENTRY ELEMENTS (KOHA)
Source of classification or shelving scheme Dewey Decimal Classification
Koha item type Books
Existencias
Withdrawn status Lost status Source of classification or shelving scheme Damaged status Not for loan Collection code Home library Current library Date acquired Source of acquisition Cost, normal purchase price Total Checkouts Full call number Barcode Date last seen Copy number Koha item type
    Dewey Decimal Classification     Non-fiction Biblioteca Pública José María del Castillo y Rada Biblioteca Pública José María del Castillo y Rada 04/15/2018 Donación 0.00   320.9861 / C112p 430000541 05/16/2024 Ej.1 Books